000 00303 a2200133 4500
020 _a8175541199
090 _c2252
_d2252
100 _aPatrick Forsyth
245 _aEverything you need toknow about marketing
250 _a2nd
260 _aNew Delhi
300 _a100
942 _aNBS
_cBK
_k658.8 FOR
999 _c344754
_d344754